Parliamentary Memorandum By The Minister For Finance On The Request For Approval For Waiver Of Import of Duties , Import Vat, Getfund Levy, Import Nhil, And Exim Levy On Plant, Machinery And Equipment Or Parts , Amounting To US$347,174.45 In Favour Of Camelot Ghana Limited Under The One District one Factory ( 1D1F) Programme (Record no. 2752)

MARC details
000 -LEADER
fixed length control field 00710nam a2200169Ia 4500
003 - CONTROL NUMBER IDENTIFIER
control field OSt
005 - DATE AND TIME OF LATEST TRANSACTION
control field 20250714151401.0
008 - FIXED-LENGTH DATA ELEMENTS--GENERAL INFORMATION
fixed length control field 240429s9999||||xx |||||||||||||| ||und||
041 ## - LANGUAGE CODE
Language code of text/sound track or separate title eng
082 ## - DEWEY DECIMAL CLASSIFICATION NUMBER
Classification number RW/CGL/20
110 ## - MAIN ENTRY--CORPORATE NAME
Corporate name or jurisdiction name as entry element Ministry Of Finance
245 #0 - TITLE STATEMENT
Title Parliamentary Memorandum By The Minister For Finance On The Request For Approval For Waiver Of Import of Duties , Import Vat, Getfund Levy, Import Nhil, And Exim Levy On Plant, Machinery And Equipment Or Parts , Amounting To US$347,174.45 In Favour Of Camelot Ghana Limited Under The One District one Factory ( 1D1F) Programme
300 ## - PHYSICAL DESCRIPTION
Extent 5p:tabs
653 ## - INDEX TERM--UNCONTROLLED
Uncontrolled term One District one Factory ( 1D1F) Programme
942 ## - ADDED ENTRY ELEMENTS (KOHA)
Koha item type Memorandum
Source of classification or shelving scheme Dewey Decimal Classification
Suppress in OPAC No
Holdings
Withdrawn status Lost status Source of classification or shelving scheme Damaged status Not for loan Home library Current library Shelving location Date acquired Total checkouts Full call number Date last seen Copy number Price effective from Koha item type
    Dewey Decimal Classification     Main Library Main Library Open Shelves 01/03/2023   Acc. No. 5138 PM/1D1F/20 29/04/2024 1 29/04/2024 Memorandum
    Dewey Decimal Classification     Main Library Main Library Open Shelves 14/07/2025   Acc. No. 5138 PM/1D1F/20 14/07/2025 2 14/07/2025 Memorandum
©2026  Parliament of Ghana Library - All rights reserved